000 00303nam a22001337a 4500
999 _c162968
_d162968
020 _a
082 _a
_b
100 _aAugusta Klein
245 _aLegends and myths of spiritual India/
_cby Augusta Klein.
260 _aNew Delhi:
_bDiscover,
_c1984.
300 _a355p.
650 _a
942 _cBK